Normal view
MARC view
- Perkins, Charles
Entry Personal Name
001 - CONTROL NUMBER
- control field: 7211
003 - CONTROL NUMBER IDENTIFIER
- control field: OSt
005 - DATE AND TIME OF LATEST TRANSACTION
- control field: 20250221124202.0
008 - FIXED-LENGTH DATA ELEMENTS
- fixed length control field: 250221|| aca||aabn | a|a d
040 ## - CATALOGING SOURCE
- Original cataloging agency: OSt
- Transcribing agency: OSt
100 ## - HEADING--PERSONAL NAME
- Personal name: Perkins, Charles
670 ## - SOURCE DATA FOUND
- Source citation: Work cat.: (OSt)19428: Chellis, James 7210, MCSE:, 1998 .
